000 00843nam0a22002651 4500
001 v19\rc\1270946
005 20250618004145.0
035 _a(NLR Aleph) 004423138
090 _a4164145
_c4164145
100 _a20060306d1895 |||y0rusy50 ca
101 0 _arus
102 _aRU
105 _aa z |||||
200 1 _aЦикорий
_fСост. П.В. Ростовцев
210 _aМосква
_cК.И. Тихомиров
_d1895
215 _a24 с., 3 ил.
_d17
225 1 _aСельскохозяйственная библиотека
_iПромышленные растения
_v2
532 1 3 _aЦикорий
700 1 _aРостовцев
_bП.В.
_gПетр Васильевич
_4220
801 0 _aRU
_bNLR
_gpsbo
801 1 _aRU
_bProSoft-M
_2rusmarc
852 _aNLR
_j18.265.8.67
942 _cBOOK
980 _aNB